Victory, how women won it ; a centennial symposium, 1840-1940 /

Bibliographic Details
Corporate Author: National American Woman Suffrage Association
Format: Book
Language:English
Published: New York : The H. W. Wilson company, 1940.
Subjects:

MARC

Tag First Indicator Second Indicator Subfields
LEADER 00000cam a2200000 4500
001 in00000038883
005 20151007081346.0
008 771013s1940 nyu 00000 eng
010 |a  40035249  
035 |a (OCoLC)03337885 
035 |9 AAF6255AM 
040 |a DLC  |c IQU  |d TXA  |d UtOrBLW 
049 |a TXAM  |c [104664] 
050 0 0 |a JK1896  |b .N3 
092 |a 324.3  |b N277v 
110 2 |a National American Woman Suffrage Association. 
245 1 0 |a Victory, how women won it ;  |b a centennial symposium, 1840-1940 /  |c by the National American woman suffrage association. 
264 1 |a New York :  |b The H. W. Wilson company,  |c 1940. 
300 |a 8 pages ., [3]-174 pages :  |b frontispiece, plate, 6 portrait ;  |c 21 cm. 
336 |a text  |b txt  |2 rdacontent 
337 |a unmediated  |b n  |2 rdamedia 
338 |a volume  |b nc  |2 rdacarrier 
500 |a Each portrait accompanied by a leaf with biographical sketch. 
505 0 |a Preliminary agitation, by Mary F. Morrisson.--First organized action, by Mary G. Peck.--Rampant women, by Mildred Adams.--"That word male," by Mary F. Morrisson.--Wyoming: the first surrender, by Carrie C. Catt.--Campaigning, state by state, by Maud W. Park.--The opposition breaks, by Gertrude F. Brown.--Appeals to Congress, by Penelope P. B. Huse.--A decisive victory won, by Gertrude F. Brown.--The winning plan, by Maud W. Park.--The secretary has signed the proclamation, by Mary G. Peck.--Appendix: Bibliography (p. [155]-156) The National American woman suffrage association. Interesting events in the woman movement. The electoral thermometer. Partial suffrage gains.--Directions for state work in supporting 19th amendment. Directions for lobbyists. Chronology of congressional action. Author's who's who. 
650 0 |a Women  |x Suffrage  |z United States. 
650 0 |a Women  |x Suffrage  |x History. 
999 |a MARS 
999 f f |s 92757bfa-09a9-3549-b297-723c6389262f  |i d608e34d-37cf-3564-a767-3ed632c7439f  |t 0 
952 f f |p normal  |a Texas A&M University  |b College Station  |c Sterling C. Evans Library  |d Evans: Library Stacks  |t 0  |e JK1896 .N3  |h Library of Congress classification  |i unmediated -- volume  |m A14800668067 
998 f f |a JK1896 .N3  |t 0  |l Evans: Library Stacks